Statistics for Stardew Valley Harvestables

Click here to take the quiz!

General Stats

  • This quiz has been taken 3 times
  • The average score is 51 of 68

Answer Stats

Hint Answer % Correct
rare crop (any season)Ancient Fruit
100%
fall cropBeet
100%
summer cropPoppy
100%
summer cropStarfruit
100%
summer forageSweet Pea
100%
rare crop (fall)Sweet Gem Berry
100%
summer/fall forageRed Mushroom
100%
summer forage/fall cropGrape
100%
summer/fall cropCorn
100%
fall cropPumpkin
100%
summer cropHops
100%
fall cropYam
100%
fall forageBlackberry
100%
winter forageSnow Yam
100%
winter forageWinter Root
100%
forage (mines)Purple Mushroom
100%
forage (desert)Cactus Fruit
100%
forage (desert)Coconut
100%
summer tree fruitPeach
100%
summer cropMelon
100%
fall tree fruitApple
100%
spring forageMorel
100%
spring cropBlue Jazz
100%
spring forageSalmonberry
100%
summer cropBlueberry
67%
winter forageCrocus
67%
spring cropRhubarb
67%
fall forageHazelnut
67%
spring cropPotato
67%
fall forageChanterelle
67%
winter forageCrystal Fruit
67%
spring cropParsnips
67%
winter forageHolly
67%
spring cropGreen Bean
67%
forage (mines)Cave Carrot
67%
fall cropFairy Rose
67%
spring cropCauliflower
67%
forage from pigsTruffles
67%
spring tree fruitApricot
67%
spring tree fruitCherry
67%
summer tree fruitOrange
67%
fall tree fruitPomegranate
67%
spring cropStrawberry
67%
fall cropEggplant
67%
spring/summer cropCoffee Beans
67%
spring forageDandelion
67%
summer cropHot Pepper
67%
spring/fall forageCommon Mushroom
67%
summer cropRadish
67%
summer cropSummer Spangle
67%
summer cropTomato
67%
summer cropWheat
67%
spring forageSpring Onion
67%
fall cropCranberry
67%
spring forageLeek
67%
spring forageDaffodil
67%
spring forageHorseradish
67%
summer/fall cropSunflower
67%
fall cropArtichoke
67%
spring cropTulip
67%
fall cropBok Choy
67%
spring cropKale
33%
summer forageSpice Berry
33%
spring cropGarlic
33%
fall cropAmaranth
33%
summer cropRed Cabbage
33%
fall forageWild Plum
33%
summer forageFiddlehead Fern
33%

Score Distribution

Percentile by Number Answered

Percent of People with Each Score

Your Score History

You have not taken this quiz